| 000 | 00715nam a22002177a 4500 | ||
|---|---|---|---|
| 003 | OSt | ||
| 005 | 20250705113115.0 | ||
| 008 | 250705b |||||||| |||| 00| 0 eng d | ||
| 020 | _a9780060725624 (paperback) | ||
| 040 |
_aNUST _beng _cNUST _dNUST _erda |
||
| 050 | _aR121 BUR | ||
| 100 |
_aBurns, Edward R _eAuthor |
||
| 245 |
_aCollins Medical dictionary and health guide / _cEdward R. Burns |
||
| 260 |
_aNew York : _bHarpertorch, _c©2006. |
||
| 300 |
_a524 pages : _bIllustrations ; _c18 cm. |
||
| 336 |
_2rdamedia _atext _btxt |
||
| 337 |
_2rdamedia _aunmediated _bn |
||
| 338 |
_2rdamedia _avolume _bnc |
||
| 650 | _vMEDICAL Dictionaries & Terminology. | ||
| 942 |
_2lcc _cBOOKS _hR121 BUR _kR _mBUR _n0 |
||
| 999 |
_c172162 _d172162 |
||